00373nam a2200145Ia 45000010005000000080041000050200018000460400013000640820016000771000014000932450070001072500008001772600031001853000011002163798140317s9999 xx 000 0 und d a0-534-39411-6 cPK-LaUMT a 515bTAN-C aS. T. Tan aCalculusbfor the managerial, life and social sciencescS. T. Tan a6th aAustralia:bThomson,c2003 a657 p.